All Among Us Colors - Statistics

General Stats
  • This quiz has been taken 63 times
    54 since last reset
  • The average score is 14 of 18
Answer Stats
Hint Answer % Correct
Old Blue
97%
Old Purple
97%
Old Red
97%
Old Green
95%
Old Orange
95%
Old Yellow
95%
Old Black
92%
Old Brown
89%
Old Pink
89%
Old White
89%
Old Cyan
84%
New Grey
81%
Best Lime
78%
New Tan
54%
New Coral
51%
New Maroon
51%
New Banana
49%
New Rose
49%
No matching quizzes found
Score Distribution
Percent of People with Each Score
Percentile by Number Answered
Your Score History
You have not taken this quiz since the last reset